000 00328 a2200157 4500
001 160982
020 _a
040 _cMagnum
100 _aMarques, Amadeu
240 1 0 _aThe a.b.c of nature
_lING
245 1 0 _aThe a.b.c of nature
362 0 _a1899
440 1 _aÁtica
697 _aLITERATURA ESTRANGEIRA
942 _cBK
999 _c160982
_d160982